Introduction to Accounting for Business Studies. (Record no. 1327)

MARC details
005 - DATE AND TIME OF LATEST TRANSACTION
control field 20250425145654.0
020 ## - INTERNATIONAL STANDARD BOOK NUMBER
International Standard Book Number 0 406 75043 2
082 ## - DEWEY DECIMAL CLASSIFICATION NUMBER
Classification number 657 LAN
100 ## - MAIN ENTRY--PERSONAL NAME
Author name LANGLEY, P. F.
245 ## - TITLE STATEMENT
Title Introduction to Accounting for Business Studies.
250 ## - EDITION STATEMENT
Edition statement 3rd Ed.
260 ## - PUBLICATION, DISTRIBUTION, ETC.
Place of publication, distribution, etc. London,
Name of publisher, distributor, etc. ButterWorths,
Date of publication, distribution, etc. 1978.
300 ## - PHYSICAL DESCRIPTION
Extent xi, 411p.: ill.; figure, table.
Other physical details Index.
Dimensions 21cm.
942 ## - ADDED ENTRY ELEMENTS (KOHA)
Source of classification or shelving scheme Dewey Decimal Classification
Koha item type Books
Holdings
Date last seen Total checkouts Full call number Barcode Cost, replacement price Price effective from Koha item type Lost status Source of classification or shelving scheme Damaged status Not for loan Withdrawn status Home library Current library Shelving location Date acquired Cost, normal purchase price
04/11/2025   657 LAN 0000005082 30000.00 04/11/2025 Books   Dewey Decimal Classification       College of Business Education Main Library College of Business Education Main Library General Collection 04/11/2025 10000.00
04/11/2025   657 LAN 0000005083 30000.00 04/11/2025 Books   Dewey Decimal Classification       College of Business Education Main Library College of Business Education Main Library General Collection 04/11/2025 10000.00
04/25/2025   657 LAN 0000006224 30000.00 04/25/2025 Books   Dewey Decimal Classification       College of Business Education Main Library College of Business Education Main Library General Collection 04/25/2025 10000.00